[Event "Rheinhausen-ch 19th"]
[Site "Duisburg Rheinhausen"]
[Date "2015.02.18"]
[Round "4"]
[White "Halfmann, Peter"]
[Black "Mohrholz, Stefan"]
[Result "0-1"]
[WhiteElo "1631"]
[BlackElo "1891"]
[PlyCount "120"]
[EventDate "2015.01.09"]
[EventType "swiss"]
[EventRounds "7"]
[EventCountry "GER"]
[SourceTitle "EXT 2018"]
[Source "ChessBase"]
[SourceDate "2017.10.13"]
[SourceVersion "1"]
[SourceVersionDate "2017.10.13"]
[SourceQuality "1"]

1. d4 c5 2. c3 e6 3. Nf3 Nf6 4. Bg5 d5 5. e3 Nbd7 6. Nbd2 Be7 7. Bd3 0-0 8. 0-0 b6 9. Ne5 Bb7 10. f4 Ne4 11. Bxe7 Qxe7 12. Rf3 f6 13. Nxd7 Qxd7 14. Rh3 Rae8 15. Qc2 Qc6 16. Nf3 c4 17. Bf1 g6 18. Nd2 Nd6 19. Nf3 Bc8 20. g4 e5 21. Rg3 exf4 22. exf4 Re3 23. Bg2 Qe8 24. Qc1 Bb7 25. Nd2 Qe7 26. Qf1 Re2 27. Rd1 Re8 28. b3 Kg7 29. h3 Re3 30. Qf2 Re2 31. Qf1 cxb3 32. axb3 Ba6 33. Qf3 Rxd2 34. Rxd2 Qe1+ 35. Kh2 Qxd2 36. Qxd5 Nf7 37. c4 Re2 38. Qf3 Bc8 39. d5 Nd6 40. Qc3 Qxc3 41. Rxc3 Ne4 42. Rc1 f5 43. Kg1 fxg4 44. hxg4 Bxg4 45. b4 Nd2 46. d6 Nb3 47. Rd1 Rd2 48. Bf3 Bd7 49. Rxd2 Nxd2 50. Bd5 Nb3 51. Kf2 Kf6 52. Ke3 a5 53. bxa5 Nxa5 54. Kd4 Nb3+ 55. Kc3 Nc5 56. Kd4 h5 57. Ke3 h4 58. Kf3 g5 59. fxg5+ Kxg5 60. Ke3 Kf5 0-1

[Event "Rheinhausen-ch 19th"]
[Site "Duisburg Rheinhausen"]
[Date "2015.01.09"]
[Round "1"]
[White "Oberst, Alfred"]
[Black "Halfmann, Peter"]
[Result "0-1"]
[WhiteElo "1243"]
[BlackElo "1631"]
[PlyCount "52"]
[EventDate "2015.01.09"]
[EventType "swiss"]
[EventRounds "7"]
[EventCountry "GER"]
[SourceTitle "EXT 2018"]
[Source "ChessBase"]
[SourceDate "2017.10.13"]
[SourceVersion "1"]
[SourceVersionDate "2017.10.13"]
[SourceQuality "1"]

1. b3 Nf6 2. Bb2 g6 3. g4 Bg7 4. h4 0-0 5. g5 Ne8 6. Bxg7 Nxg7 7. e3 e5 8. Be2 d5 9. Nf3 e4 10. Ng1 f5 11. gxf6 Qxf6 12. d4 Qxf2+ 13. Kd2 Qg2 14. Nh3 Bxh3 15. Kc1 Be6 16. Rg1 Qf2 17. h5 Qxe3+ 18. Nd2 Rf2 19. Bf1 Nxh5 20. a4 Rxd2 21. Qxd2 Qxg1 22. Kb2 Nc6 23. Bh3 Qxd4+ 24. Qxd4 Nxd4 25. Bf1 Rf8 26. c3 Rf2+ 0-1

[Event "Forchheim op-B 13th"]
[Site "Forchheim"]
[Date "2014.10.04"]
[Round "3"]
[White "Halfmann, Peter"]
[Black "Luther, Helmut"]
[Result "0-1"]
[WhiteElo "1862"]
[BlackElo "1992"]
[PlyCount "142"]
[EventDate "2014.10.03"]
[EventType "swiss"]
[EventRounds "5"]
[EventCountry "GER"]
[SourceTitle "EXT 2019"]
[Source "ChessBase"]
[SourceDate "2018.10.10"]
[SourceVersion "1"]
[SourceVersionDate "2018.10.10"]
[SourceQuality "1"]

1. d4 g6 2. e4 Bg7 3. f4 d6 4. Be3 c5 5. Nc3 cxd4 6. Bxd4 Nf6 7. Bd3 Nc6 8. Bf2 0-0 9. h3 a6 10. g4 b5 11. Qd2 Bb7 12. Nge2 Rc8 13. Ng3 Nd7 14. a3 Nc5 15. 0-0 Nxd3 16. cxd3 Nd4 17. Bxd4 Bxd4+ 18. Kh2 e6 19. Nce2 Bg7 20. Rac1 Qb6 21. d4 Rxc1 22. Rxc1 Re8 23. h4 e5 24. fxe5 dxe5 25. d5 Qf2+ 26. Kh3 Bc8 27. Rf1 Qa7 28. h5 Qd7 29. Nf5 gxf5 30. gxf5 Qd6 31. Qg5 Qh6 32. Rg1 Qxg5 33. Rxg5 f6 34. Rg1 Kf8 35. Rc1 Bd7 36. Rc7 Ke7 37. Ra7 Rc8 38. Rxa6 Kd8 39. Nc3 Rb8 40. h6 Bxh6 41. Rxf6 Bg5 42. Rf7 h6 43. Rf8+ Kc7 44. Rf7 Bc1 45. a4 bxa4 46. Nxa4 Be3 47. Kg4 Rb4 48. Nc3 Rxb2 49. Rf6 Rb3 50. d6+ Kc6 51. Nd5 Bg5 52. Rg6 Rb1 53. Kf3 Be8 54. d7+ Kxd7 55. Nf6+ Bxf6 56. Rxf6 Rb3+ 57. Kf2 h5 58. Re6 Rb5 59. Kg3 Bf7 60. Rh6 Ke7 61. Kf3 Rb3+ 62. Ke2 Rb7 63. Kf3 Rd7 64. Rb6 Rd6 65. Rb7+ Kf6 66. Rc7 Bb3 67. Kg3 Rd3+ 68. Kf2 Rh3 69. Rc8 Kg5 70. Rc5 Kf4 71. f6 Kxe4 0-1

[Event "SBDU-ch"]
[Site "Duisburg"]
[Date "2013.12.13"]
[Round "7"]
[White "Meinert, Thomas"]
[Black "Halfmann, Peter"]
[Result "1-0"]
[WhiteElo "1887"]
[BlackElo "1738"]
[PlyCount "95"]
[EventDate "2013.09.13"]
[EventType "swiss"]
[EventRounds "7"]
[EventCountry "GER"]
[SourceTitle "EXT 2015"]
[Source "ChessBase"]
[SourceDate "2014.11.20"]
[SourceVersion "1"]
[SourceVersionDate "2014.11.20"]
[SourceQuality "1"]

1. c4 e5 2. Nc3 d6 3. Nf3 f5 4. d3 Nf6 5. g3 Be7 6. Bg2 0-0 7. Bd2 c6 8. 0-0 Na6 9. Rb1 Qc7 10. b4 d5 11. cxd5 cxd5 12. Qb3 Rd8 13. Rfc1 Qb8 14. d4 e4 15. Bf4 Bd6 16. Ne5 Be6 17. Nb5 Ne8 18. Rb2 Rc8 19. Rbc2 Rxc2 20. Rxc2 Qd8 21. Nxd6 Nxd6 22. b5 Nc7 23. b6 Nce8 24. bxa7 Rxa7 25. h4 h6 26. Bd2 Kh7 27. Bb4 Nc4 28. Bc5 b6 29. Nc6 Qc7 30. Nxa7 bxc5 31. Nb5 Qe7 32. dxc5 Qxc5 33. e3 Qe7 34. Nd4 Ned6 35. a4 Bf7 36. Bh3 Qe5 37. Qc3 g5 38. Nc6 Qe8 39. Nd4 Kg6 40. Nxf5 Nxf5 41. h5+ Kxh5 42. Bxf5 Ne5 43. Kg2 g4 44. a5 Kg5 45. Qc8 Qa4 46. Bh7 Bg6 47. Qd8+ Kh5 48. Qh4# 1-0

[Event "Niederrhein-ch "]
[Site "Krefeld"]
[Date "2012.04.01"]
[Round "2"]
[White "Halfmann, Peter"]
[Black "Ruprecht, Thomas"]
[Result "0-1"]
[WhiteElo "1765"]
[BlackElo "1988"]
[PlyCount "106"]
[EventDate "2012.03.31"]
[EventType "swiss"]
[EventRounds "7"]
[EventCountry "GER"]
[SourceTitle "EXT 2014"]
[Source "ChessBase"]
[SourceDate "2013.11.20"]
[SourceVersion "1"]
[SourceVersionDate "2013.11.20"]
[SourceQuality "1"]

1. d4 f5 2. Nf3 Nf6 3. g3 g6 4. Bg2 Bg7 5. 0-0 0-0 6. c4 d6 7. Nc3 Qe8 8. Re1 Qf7 9. Qb3 h6 10. h4 Ne4 11. Bf4 Nc6 12. d5 Nc5 13. Qd1 Ne5 14. Bxe5 dxe5 15. Rf1 a5 16. Rc1 Bd7 17. b3 Qf6 18. Ne1 e4 19. a3 Qb6 20. Na4 Nxa4 21. bxa4 Qc5 22. Qb3 b6 23. e3 Rab8 24. Nc2 e5 25. Rfd1 Rf7 26. Rd2 Bf8 27. Rcd1 Qd6 28. Bf1 Kg7 29. Bg2 Rd8 30. Ra1 Qf6 31. Rad1 Bd6 32. Ra1 Qe7 33. Rad1 Qe8 34. Ra1 Bxa4 35. Qc3 Qe7 36. Ra2 Qf6 37. Na1 g5 38. hxg5 hxg5 39. Nb3 Rfd7 40. f3 exf3 41. Bxf3 e4 42. Qxf6+ Kxf6 43. Bd1 Bxg3 44. Rg2 Be5 45. Bc2 Rh7 46. Rf2 Bxb3 47. Bxb3 Rdh8 48. Kf1 Rh1+ 49. Ke2 Bc3 50. Rg2 Re1+ 51. Kf2 Rhh1 52. Re2 Ref1+ 53. Kg3 Be5# 0-1

[Event "SBDU-ch"]
[Site "Duisburg"]
[Date "2011.11.18"]
[Round "6"]
[White "Halfmann, Peter"]
[Black "Hamm, Siegfried"]
[Result "1-0"]
[WhiteElo "1783"]
[BlackElo "1609"]
[PlyCount "94"]
[EventDate "2011.09.09"]
[EventType "swiss"]
[EventRounds "7"]
[EventCountry "GER"]
[SourceTitle "EXT 2015"]
[Source "ChessBase"]
[SourceDate "2014.11.20"]
[SourceVersion "1"]
[SourceVersionDate "2014.11.20"]
[SourceQuality "1"]

1. d4 f5 2. Nf3 Nf6 3. c4 e6 4. g3 Be7 5. Bg2 0-0 6. 0-0 d6 7. Nc3 Qe8 8. Qc2 Qh5 9. b3 a5 10. Bb2 Na6 11. Rad1 Rb8 12. a3 Bd7 13. e4 fxe4 14. Nxe4 Bc6 15. Nfd2 d5 16. Nxf6+ Rxf6 17. Rfe1 Bd6 18. c5 Be7 19. f4 Bd7 20. Nf3 Rbf8 21. Re5 Qg6 22. Qe2 Rf5 23. Re1 Nb8 24. Rxf5 Qxf5 25. Ne5 Bc8 26. b4 axb4 27. axb4 c6 28. Qd3 Bf6 29. Qxf5 exf5 30. b5 Rd8 31. b6 Kf8 32. Bf1 g6 33. Ra1 Nd7 34. Ra8 Ke7 35. Ra7 Ke8 36. Kf2 Nxe5 37. fxe5 Bg5 38. Ke2 Rd7 39. Bc3 Kd8 40. Ba5 Ke7 41. h4 Bh6 42. Bh3 Ke6 43. g4 Bc1 44. Bc3 Rg7 45. Ra1 Bf4 46. Rf1 Bg3 47. gxf5+ Kf7 1-0

[Event "Rheinhausen-ch"]
[Site "Rheinhausen"]
[Date "2011.02.25"]
[Round "5"]
[White "Proettel, Swen"]
[Black "Halfmann, Peter"]
[Result "1-0"]
[WhiteElo "2185"]
[BlackElo "1808"]
[PlyCount "87"]
[EventDate "2011.01.07"]
[EventType "swiss"]
[EventRounds "7"]
[EventCountry "GER"]
[SourceTitle "EXT 2015"]
[Source "ChessBase"]
[SourceDate "2014.11.20"]
[SourceVersion "1"]
[SourceVersionDate "2014.11.20"]
[SourceQuality "1"]

1. Nf3 Nf6 2. c4 c6 3. g3 d5 4. b3 dxc4 5. bxc4 g6 6. Nc3 Bg7 7. Rb1 0-0 8. Bg2 Re8 9. 0-0 e5 10. d3 Nbd7 11. Nd2 Nc5 12. Nb3 Ne6 13. Bd2 Qc7 14. a4 Bd7 15. Qc2 Rad8 16. Qa2 h6 17. a5 Kh7 18. Be3 c5 19. Nd5 Nxd5 20. cxd5 Nd4 21. Rfc1 b6 22. Nxd4 exd4 23. Bf4 Be5 24. d6 Qxd6 25. Qxf7+ Kh8 26. axb6 axb6 27. Bxe5+ Rxe5 28. Qf4 Rde8 29. Qxh6+ Kg8 30. Be4 Bf5 31. f3 Bxe4 32. fxe4 Rh5 33. Qf4 Qe6 34. Rf1 Rh7 35. Qf6 Rg7 36. Rxb6 Qxf6 37. Rfxf6 Kh7 38. Rfc6 c4 39. Rxc4 Rf8 40. Rxd4 Rgf7 41. Rb1 Rf2 42. Re1 Kh6 43. e5 R2f5 44. Re4 1-0

[Event "Rheinhausen-ch 14th"]
[Site "Duisburg Rheinhausen"]
[Date "2010.03.26"]
[Round "7"]
[White "Glende, Siegfried"]
[Black "Halfmann, Peter"]
[Result "0-1"]
[WhiteElo "1600"]
[BlackElo "1743"]
[PlyCount "82"]
[EventDate "2010.01.08"]
[EventType "swiss"]
[EventRounds "7"]
[EventCountry "GER"]
[SourceTitle "EXT 2018"]
[Source "ChessBase"]
[SourceDate "2017.10.13"]
[SourceVersion "1"]
[SourceVersionDate "2017.10.13"]
[SourceQuality "1"]

1. c4 e5 2. Nc3 Nc6 3. g3 f5 4. e3 Nf6 5. Bg2 g6 6. d3 Bg7 7. Nge2 0-0 8. 0-0 Kh8 9. f4 d6 10. a3 a5 11. Rb1 Ne7 12. b4 axb4 13. axb4 c6 14. b5 Be6 15. bxc6 bxc6 16. Qc2 Qc7 17. Bd2 Rfb8 18. h3 h6 19. Kh2 g5 20. fxg5 hxg5 21. e4 f4 22. Bf3 Bd7 23. Ng1 Ng6 24. g4 Nh4 25. Be1 Rxb1 26. Qxb1 Ng6 27. Qb4 Bf8 28. Bf2 d5 29. Bc5 d4 30. Nce2 Bxc5 31. Qxc5 Nh4 32. Qb4 Kg7 33. Qe1 Rh8 34. Ng3 Nxf3+ 35. Rxf3 Nxg4+ 36. Kh1 Ne3 37. Nf5+ Bxf5 38. exf5 g4 39. h4 Qf7 40. Nh3 gxf3 41. Qg1+ Ng2 0-1

[Event "Rheinhausen-ch 14th"]
[Site "Duisburg Rheinhausen"]
[Date "2010.01.08"]
[Round "1"]
[White "Halfmann, Peter"]
[Black "Moseler, Norbert"]
[Result "1-0"]
[WhiteElo "1743"]
[BlackElo "1329"]
[PlyCount "61"]
[EventDate "2010.01.08"]
[EventType "swiss"]
[EventRounds "7"]
[EventCountry "GER"]
[SourceTitle "EXT 2018"]
[Source "ChessBase"]
[SourceDate "2017.10.13"]
[SourceVersion "1"]
[SourceVersionDate "2017.10.13"]
[SourceQuality "1"]

1. d4 d5 2. Nf3 Nf6 3. Bg5 Nbd7 4. e3 h6 5. Bh4 g5 6. Bg3 Ne4 7. Nbd2 Nxg3 8. hxg3 Bg7 9. Bd3 e5 10. dxe5 Nxe5 11. Nxe5 Bxe5 12. c3 b6 13. Nf3 Bg7 14. Bb5+ Kf8 15. Bc6 Rb8 16. Bxd5 Bb7 17. Bxb7 Qxd1+ 18. Rxd1 Rxb7 19. Rd8+ Ke7 20. Rxh8 Bxh8 21. Rxh6 Bf6 22. Rh5 g4 23. Nh2 b5 24. Nxg4 b4 25. Nxf6 Kxf6 26. c4 b3 27. a3 Rb6 28. Rh6+ Ke5 29. Rxb6 axb6 30. Kd2 Ke4 31. f3+ 1-0

[Event "Duisburg SBDU-ch"]
[Site "Duisburg Wohndorf Laar"]
[Date "2008.12.12"]
[Round "7"]
[White "Halfmann, Peter"]
[Black "Hampel, Ernst"]
[Result "1-0"]
[WhiteElo "1718"]
[BlackElo "1594"]
[PlyCount "115"]
[EventDate "2008.09.05"]
[EventType "swiss"]
[EventRounds "7"]
[EventCountry "GER"]
[SourceTitle "EXT 2018"]
[Source "ChessBase"]
[SourceDate "2017.10.13"]
[SourceVersion "1"]
[SourceVersionDate "2017.10.13"]
[SourceQuality "1"]

1. d4 c5 2. c3 e6 3. Nf3 Nc6 4. Bf4 Nf6 5. e3 Nd5 6. Bg3 d6 7. Be2 Be7 8. 0-0 0-0 9. Nbd2 a6 10. Qc2 b5 11. Rad1 cxd4 12. exd4 Bb7 13. a4 Qb6 14. Bd3 h6 15. axb5 axb5 16. Ne4 Rfd8 17. Ra1 Rxa1 18. Rxa1 f5 19. Ned2 f4 20. Bh4 Nf6 21. Bxf6 Bxf6 22. Qb3 Kf7 23. Re1 d5 24. Qxb5 Qa7 25. Nb3 Be7 26. Ra1 Qb8 27. Nc5 Bxc5 28. Qxc5 g5 29. h3 Kf6 30. Re1 Rc8 31. Qb6 Qc7 32. Qb3 Na5 33. Qd1 Nc4 34. Qe2 Re8 35. Ne5 Nxe5 36. dxe5+ Kg7 37. Ra1 Bc6 38. h4 Qe7 39. h5 Rf8 40. Qd1 Qb7 41. Bb1 Qxb2 42. Ra7+ Bb7 43. Qd3 Rf5 44. Bc2 Qb6 45. Qd4 Qxd4 46. Rxb7+ Rf7 47. Rxf7+ Kxf7 48. cxd4 Ke7 49. Kf1 Kd7 50. Ke2 Kc6 51. Ba4+ Kc7 52. Kd3 Kd8 53. Kc3 Kc7 54. Kb4 Kd8 55. Bd1 Kc7 56. Kc5 Kd7 57. Bg4 Ke7 58. Kc6 1-0

[Event "Berlin Unicorn op"]
[Site "Berlin"]
[Date "2008.05.02"]
[Round "4"]
[White "Halfmann, Peter"]
[Black "Gebigke, Martin"]
[Result "0-1"]
[WhiteElo "1869"]
[BlackElo "2154"]
[PlyCount "72"]
[EventDate "2008.04.30"]
[EventType "swiss"]
[EventRounds "7"]
[EventCountry "GER"]
[SourceTitle "CBM 124 Extra"]
[Source "ChessBase"]
[SourceDate "2008.07.03"]
[SourceVersion "1"]
[SourceVersionDate "2008.07.03"]
[SourceQuality "1"]

1. d4 g6 2. e4 d6 3. f4 Bg7 4. Nc3 Nf6 5. Nf3 0-0 6. Be3 c6 7. Qd2 b5 8. e5 Ng4 9. Bg1 dxe5 10. dxe5 Qa5 11. Ne4 Qxd2+ 12. Nfxd2 Na6 13. 0-0-0 Nb4 14. h3 Nh6 15. Bc5 Nd5 16. c4 bxc4 17. Bxc4 Be6 18. Bxd5 cxd5 19. Ng5 Rfc8 20. Nxe6 fxe6 21. b4 Rab8 22. a3 a5 23. Kb2 Rxc5 24. Rc1 Rxc1 25. Rxc1 axb4 26. a4 Nf5 27. Nf3 h6 28. g4 Ne3 29. Rc7 Kf8 30. Nd4 Nc4+ 31. Kb3 Na5+ 32. Kb2 g5 33. Ra7 gxf4 34. Nf3 Nc4+ 35. Kb3 Nxe5 36. Nd4 f3 0-1

[Event "Berlin Unicorn op"]
[Site "Berlin"]
[Date "2008.04.30"]
[Round "1"]
[White "Fietz, Harald"]
[Black "Halfmann, Peter"]
[Result "1/2-1/2"]
[WhiteElo "2067"]
[BlackElo "1869"]
[PlyCount "175"]
[EventDate "2008.04.30"]
[EventType "swiss"]
[EventRounds "7"]
[EventCountry "GER"]
[SourceTitle "CBM 124 Extra"]
[Source "ChessBase"]
[SourceDate "2008.07.03"]
[SourceVersion "1"]
[SourceVersionDate "2008.07.03"]
[SourceQuality "1"]

1. e4 c5 2. Nf3 d6 3. Bb5+ Bd7 4. Qe2 Bxb5 5. Qxb5+ Qd7 6. Nc3 Nc6 7. 0-0 0-0-0 8. a3 a6 9. Qe2 e6 10. b4 Nd4 11. Nxd4 cxd4 12. Qc4+ Kb8 13. Qxd4 e5 14. Qe3 Nf6 15. Rb1 h5 16. b5 a5 17. b6 Rc8 18. Rb5 Rc6 19. Rxa5 Be7 20. a4 Bd8 21. Rb5 Ng4 22. Qd3 Bxb6 23. Ba3 Rh6 24. Nd5 Bc5 25. h3 Bxa3 26. Qxa3 Nf6 27. Rfb1 Nxd5 28. Rxb7+ Qxb7 29. Rxb7+ Kxb7 30. exd5 Rb6 31. c4 Rf6 32. g3 Ka6 33. Kg2 Ka5 34. Qc3+ Rb4 35. c5 dxc5 36. Qxc5+ Kxa4 37. d6 Rd4 38. d7 Rfd6 39. Qxe5 Rxd7 40. Qxg7 Rxd2 41. Qc3 R2d5 42. g4 hxg4 43. hxg4 Rd3 44. Qc6+ Kb4 45. f3 R3d6 46. Qc1 Rd1 47. Qb2+ Kc5 48. Kg3 Kc6 49. Qc2+ Kb7 50. g5 R1d6 51. f4 Rc7 52. Qb3+ Kc8 53. Kg4 Rdd7 54. Kf5 Rb7 55. Qc4+ Kb8 56. Qc5 Rbc7 57. Qf8+ Kb7 58. Qb4+ Kc8 59. Qe4 Kb8 60. Qe8+ Kb7 61. Kf6 Rc6+ 62. Kf5 Rcc7 63. Kg4 Re7 64. Qb5+ Kc8 65. Kh5 Rb7 66. Qc6+ Kd8 67. f5 Red7 68. f6 Ra7 69. Kh6 Rdc7 70. Qd6+ Kc8 71. Qe5 Kb7 72. Qb5+ Kc8 73. Kg7 Rd7 74. Qe5 Rac7 75. Qb5 Rb7 76. Qc6+ Kb8 77. Qc5 Rbc7 78. Qe5 Ka7 79. Qe8 Kb7 80. Qe4+ Ka7 81. Qa4+ Kb7 82. Qb5+ Ka7 83. g6 fxg6+ 84. Kxg6 Rh7 85. Qa5+ Kb7 86. Qxc7+ Rxc7 87. f7 Rxf7 88. Kxf7 1/2-1/2

[Event "Rheinhausen-ch 12th"]
[Site "Duisburg Rheinhausen"]
[Date "2008.02.08"]
[Round "4"]
[White "Heinert, Eugen"]
[Black "Halfmann, Peter"]
[Result "0-1"]
[WhiteElo "2034"]
[BlackElo "1691"]
[PlyCount "72"]
[EventDate "2008.01.11"]
[EventType "swiss"]
[EventRounds "7"]
[EventCountry "GER"]
[SourceTitle "EXT 2018"]
[Source "ChessBase"]
[SourceDate "2017.10.13"]
[SourceVersion "1"]
[SourceVersionDate "2017.10.13"]
[SourceQuality "1"]

1. c4 e5 2. Nc3 f5 3. g3 Nf6 4. Bg2 c6 5. d4 e4 6. d5 d6 7. e3 c5 8. Nge2 g6 9. h4 Bg7 10. Nf4 0-0 11. Bd2 Re8 12. a3 Ng4 13. Bf1 Ne5 14. Be2 Na6 15. Rb1 Nc7 16. b4 b6 17. Qb3 Re7 18. Kf1 Ne8 19. Kg2 Nf6 20. Rb2 h6 21. Rhb1 g5 22. hxg5 hxg5 23. Nh3 g4 24. Nf4 Bh6 25. Na2 Bxf4 26. exf4 Nf3 27. Bc3 Rh7 28. Rh1 Rxh1 29. Kxh1 Kf7 30. Bxf3 Qh8+ 31. Kg1 gxf3 32. Qd1 Ba6 33. Qf1 Qh6 34. Bxf6 Kxf6 35. g4 fxg4 36. Rd2 Rh8 0-1

[Event "Rheinhausen-ch 12th"]
[Site "Duisburg Rheinhausen"]
[Date "2008.01.18"]
[Round "2"]
[White "Halfmann, Peter"]
[Black "Zahn, Richard"]
[Result "1-0"]
[WhiteElo "1691"]
[BlackElo "1936"]
[PlyCount "120"]
[EventDate "2008.01.11"]
[EventType "swiss"]
[EventRounds "7"]
[EventCountry "GER"]
[SourceTitle "EXT 2018"]
[Source "ChessBase"]
[SourceDate "2017.10.13"]
[SourceVersion "1"]
[SourceVersionDate "2017.10.13"]
[SourceQuality "1"]

1. d4 e6 2. Nf3 d5 3. Bf4 c5 4. c3 Qb6 5. Qb3 Nc6 6. Qxb6 axb6 7. Bc7 cxd4 8. Nxd4 Bc5 9. Nxc6 bxc6 10. b4 Kd7 11. Bg3 Be7 12. a4 Bf6 13. e3 Ne7 14. Bd3 h5 15. f3 h4 16. Bf2 h3 17. g3 c5 18. b5 Kc7 19. Ra3 c4 20. Bc2 Bd7 21. e4 Ra5 22. Be3 e5 23. Kf2 g5 24. Rd1 Be6 25. f4 gxf4 26. gxf4 Bh4+ 27. Kf1 Bg4 28. Rd2 Bf3 29. fxe5 Kb7 30. Rd4 Ng6 31. Nd2 Bg2+ 32. Ke2 Nxe5 33. exd5 Bf6 34. Be4 Rg8 35. Nxc4 Bxe4 36. Nxa5+ bxa5 37. Rxe4 Rg2+ 38. Kd1 Nd3 39. c4 Nb2+ 40. Kc1 Rxh2 41. c5 Rh1+ 42. Kc2 h2 43. c6+ Kc7 44. b6+ Kd6 45. b7 Rc1+ 46. Bxc1 h1Q 47. b8Q+ Kxd5 48. Qf4 Qd1+ 49. Kb1 Nd3 50. Qd2 Qxd2 51. Bxd2 Kxe4 52. c7 Be7 53. c8Q Bxa3 54. Qc4+ Ke5 55. Bc3+ Kf5 56. Qxd3+ Ke6 57. Qe4+ Kd7 58. Qd5+ Ke7 59. Bxa5 Bd6 60. Bd2 f6 1-0

[Event "Rheinhausen-ch 10th"]
[Site "Duisburg Rheinhausen"]
[Date "2006.03.31"]
[Round "7.15"]
[White "Halfmann, Peter"]
[Black "Bormann, Tobias"]
[Result "1/2-1/2"]
[WhiteElo "1680"]
[BlackElo "1647"]
[PlyCount "95"]
[EventDate "2006.01.06"]
[EventType "swiss"]
[EventRounds "7"]
[EventCountry "GER"]
[SourceTitle "EXT 2007"]
[Source "ChessBase"]
[SourceDate "2006.11.23"]
[SourceVersion "1"]
[SourceVersionDate "2006.11.23"]
[SourceQuality "1"]

1. d4 Nf6 2. Nf3 c5 3. c3 g6 4. dxc5 Bg7 5. h3 Qc7 6. Be3 a5 7. Qd3 Na6 8. Qc4 d5 9. Qb5+ Bd7 10. Qb6 Rc8 11. Nbd2 Nxc5 12. Bxc5 Qxc5 13. Qxc5 Rxc5 14. Nb3 Rb5 15. e3 Rb6 16. 0-0-0 a4 17. Nc5 Bc6 18. Ne5 a3 19. f4 0-0 20. b3 Rc8 21. Kc2 Be8 22. b4 e6 23. Rb1 Rc7 24. Bd3 Nd7 25. Na4 Rd6 26. Bb5 Kf8 27. Rb3 Nxe5 28. Bxe8 Nc4 29. Bb5 Nxe3+ 30. Kd3 Nc4 31. Rc1 Ke7 32. Rc2 h6 33. Ke2 g5 34. g3 Nb2 35. Nxb2 axb2 36. Rbxb2 Rxc3 37. Rxc3 Bxc3 38. Rb3 d4 39. a4 f6 40. Kd3 e5 41. fxe5 fxe5 42. a5 h5 43. Ke4 Kf6 44. Bd3 Ke6 45. Rb1 Rd7 46. Bc4+ Kd6 47. Kf5 Bd2 48. Rb2 1/2-1/2

[Event "Rheinhausen-ch 10th"]
[Site "Duisburg Rheinhausen"]
[Date "2006.02.03"]
[Round "3.14"]
[White "Sapmaz, Gueney Alp"]
[Black "Halfmann, Peter"]
[Result "1-0"]
[WhiteElo "1447"]
[BlackElo "1680"]
[PlyCount "81"]
[EventDate "2006.01.06"]
[EventType "swiss"]
[EventRounds "7"]
[EventCountry "GER"]
[SourceTitle "EXT 2007"]
[Source "ChessBase"]
[SourceDate "2006.11.23"]
[SourceVersion "1"]
[SourceVersionDate "2006.11.23"]
[SourceQuality "1"]

1. e4 c5 2. Nf3 Nf6 3. Nc3 Nc6 4. d4 cxd4 5. Nxd4 g6 6. f3 Bg7 7. Be3 0-0 8. g4 d6 9. Qd2 Nxd4 10. Bxd4 Be6 11. h4 Qa5 12. Be2 Rfc8 13. g5 Nh5 14. Bxg7 Kxg7 15. f4 Ng3 16. Rh2 Nxe2 17. Rxe2 Rc4 18. a3 Qb6 19. Re3 Rac8 20. 0-0-0 Qc5 21. Rh1 Rd4 22. Qe2 b5 23. h5 b4 24. axb4 Qxb4 25. hxg6 fxg6 26. Nb1 Qa5 27. Qh2 Bg8 28. Rf1 Ra4 29. f5 Ra1 30. f6+ Kf7 31. e5 e6 32. Qh6 Ke8 33. Qg7 Bf7 34. exd6 Rd8 35. Rxe6+ Kd7 36. Qxf7+ Kc8 37. d7+ Kb8 38. Re3 Qxg5 39. Qb3+ Ka8 40. Qc3 Rxd7 41. Qc8# 1-0

[Event "Rheinhausen-ch 10th"]
[Site "Duisburg Rheinhausen"]
[Date "2006.01.20"]
[Round "2.2"]
[White "Halfmann, Peter"]
[Black "Vasiljev, Jurij"]
[Result "0-1"]
[WhiteElo "1680"]
[BlackElo "2026"]
[PlyCount "49"]
[EventDate "2006.01.06"]
[EventType "swiss"]
[EventRounds "7"]
[EventCountry "GER"]
[SourceTitle "EXT 2007"]
[Source "ChessBase"]
[SourceDate "2006.11.23"]
[SourceVersion "1"]
[SourceVersionDate "2006.11.23"]
[SourceQuality "1"]

1. d4 Nf6 2. Bg5 Ne4 3. Bf4 d5 4. e3 Nd7 5. Nd2 Ndf6 6. Nxe4 dxe4 7. Bg5 e6 8. f4 Be7 9. Bxf6 Bxf6 10. g3 c5 11. c3 Qb6 12. Qb3 Qxb3 13. axb3 cxd4 14. exd4 Be7 15. Bg2 Bd6 16. Nh3 0-0 17. Ke2 Be7 18. Ke3 f5 19. Nf2 a5 20. g4 g5 21. gxf5 gxf4+ 22. Kxf4 Rxf5+ 23. Ke3 Bg5+ 24. Ke2 e3 25. Ne4 0-1

[Event "Duisburg Grossenbaum op"]
[Site "Duisburg"]
[Date "2005.05.16"]
[Round "6"]
[White "Gutowski, Andre"]
[Black "Halfmann, Peter"]
[Result "1/2-1/2"]
[WhiteElo "1889"]
[BlackElo "1628"]
[PlyCount "131"]
[EventDate "2005.05.13"]
[EventType "swiss"]
[EventRounds "7"]
[EventCountry "GER"]
[SourceTitle "EXT 2006"]
[Source "ChessBase"]
[SourceDate "2005.11.24"]
[SourceVersion "1"]
[SourceVersionDate "2005.11.24"]
[SourceQuality "1"]

1. c4 c6 2. g3 g6 3. Bg2 Bg7 4. Nf3 Nf6 5. b3 d5 6. Bb2 0-0 7. 0-0 Bf5 8. d3 Re8 9. Nbd2 Nbd7 10. Re1 e5 11. cxd5 cxd5 12. e4 Bg4 13. exd5 Nxd5 14. h3 Bxf3 15. Bxf3 N7b6 16. Nc4 f6 17. Nxb6 axb6 18. d4 Nb4 19. a3 Nc6 20. dxe5 fxe5 21. Bd5+ Kh8 22. Rc1 Rc8 23. Qf3 Qd7 24. Kg2 Re7 25. b4 Rc7 26. Qe4 Qf5 27. Rc4 Qxe4+ 28. Rcxe4 h5 29. b5 Na5 30. R1e2 Rc5 31. Bxe5 Bxe5 32. Rxe5 Rxe5 33. Rxe5 Rxb5 34. Re8+ Kg7 35. Rg8+ Kh7 36. Bf7 g5 37. Rd8 Nc6 38. Be8 Nxd8 39. Bxb5 Kg7 40. Kf3 Kf6 41. Be8 h4 42. gxh4 gxh4 43. Kg4 Ke5 44. f4+ Kf6 45. Kxh4 Nc6 46. Kg4 b5 47. h4 Ke7 48. Bg6 b4 49. axb4 Nxb4 50. Be4 b6 51. Kg5 Na6 52. h5 Kf7 53. h6 Nc7 54. f5 Kg8 55. Kg6 Ne8 56. Bd5+ Kh8 57. Bc6 Nd6 58. f6 Kg8 59. h7+ Kh8 60. Bd7 b5 61. Bxb5 Nc8 62. Bc6 Ne7+ 63. Kg5 Ng6 64. Be4 Nf8 65. Bg6 Nxg6 66. Kxg6 1/2-1/2

[Event "Duisburg Grossenbaum op"]
[Site "Duisburg"]
[Date "2005.05.14"]
[Round "3"]
[White "Halfmann, Peter"]
[Black "Mueller, Juergen1"]
[Result "1-0"]
[WhiteElo "1628"]
[BlackElo "1431"]
[PlyCount "67"]
[EventDate "2005.05.13"]
[EventType "swiss"]
[EventRounds "7"]
[EventCountry "GER"]
[SourceTitle "EXT 2006"]
[Source "ChessBase"]
[SourceDate "2005.11.24"]
[SourceVersion "1"]
[SourceVersionDate "2005.11.24"]
[SourceQuality "1"]

1. d4 Nf6 2. Nf3 e6 3. Bg5 h6 4. Bh4 b6 5. Nbd2 Bb7 6. e3 d5 7. Bd3 Be7 8. Ne5 c6 9. f4 Nbd7 10. 0-0 Nxe5 11. fxe5 Nd7 12. Bxe7 Qxe7 13. c3 0-0-0 14. a4 c5 15. a5 c4 16. Bc2 b5 17. a6 Bc6 18. e4 f6 19. exf6 gxf6 20. Qf3 Rdg8 21. b3 Rg5 22. bxc4 bxc4 23. exd5 Bxd5 24. Be4 Rf5 25. Qe2 Rxf1+ 26. Qxf1 Bxe4 27. Qxc4+ Kd8 28. Nxe4 Nb6 29. Qc6 Qd7 30. Qxd7+ Nxd7 31. Rb1 Ke7 32. Rb7 f5 33. Nc5 Rd8 34. Rxa7 1-0